<?xml version="1.0" encoding="UTF-8"?>
<collection xmlns="http://www.loc.gov/MARC21/slim">
  <record>
    <leader>00000nam  2200000   4500</leader>
    <controlfield tag="001">INLIS000000000019754</controlfield>
    <controlfield tag="005">20250417012731</controlfield>
    <datafield tag="035" ind1="#" ind2="#">
      <subfield code="a">0010-0425000097</subfield>
    </datafield>
    <controlfield tag="007">ta</controlfield>
    <controlfield tag="008">250417################|##########|#|##</controlfield>
    <datafield tag="084" ind1="#" ind2="#">
      <subfield code="a">R 0023 PKN II 2024</subfield>
    </datafield>
    <datafield tag="100" ind1=" " ind2="#">
      <subfield code="a">Retno Wulandari</subfield>
    </datafield>
    <datafield tag="245" ind1="1" ind2="#">
      <subfield code="a">Inovasi Model Penilaian Kompetensi Perilaku Untuk Menyiapkan Talent Pool Periset Brin /</subfield>
      <subfield code="c">Retno Wulandari</subfield>
    </datafield>
    <datafield tag="250" ind1="#" ind2="#">
      <subfield code="a">1</subfield>
    </datafield>
    <datafield tag="260" ind1="#" ind2="#">
      <subfield code="a">Jakarta :</subfield>
      <subfield code="b">Pusbangkom Pimnas,</subfield>
      <subfield code="c">2024</subfield>
    </datafield>
    <datafield tag="300" ind1="#" ind2="#">
      <subfield code="a">41 :</subfield>
      <subfield code="b">ilus ;</subfield>
      <subfield code="c">29 x 21 x 1</subfield>
    </datafield>
    <datafield tag="650" ind1="#" ind2="4">
      <subfield code="a">Manajemen Talenta</subfield>
    </datafield>
    <datafield tag="520" ind1="#" ind2="#">
      <subfield code="a">Manajemen talenta praktis menjadi skema pengelolaan sumber daya manusia yang&#13;
menjadi pilihan organisasi dalam perolehan, pengembangan, penempatan dan pemberian&#13;
penghargaan kepada pegawai yang mencapai tujuan mereka dengan nilai-nilai organisasi&#13;
yang tetap melekat dan dijunjung tinggi. Sebagai sebuah institusi riset, Badan Riset dan&#13;
Inovasi Nasional (BRIN) mempunyai nilai-nilai yang cukup berbeda dengan instansi&#13;
pemerintah lainnya, kebebasan dalam berinovasi menjadi dasar kuat bagi seorang periset&#13;
untuk mengembangkan kemampuannya dan menerobos praktek-praktek biasa menjadi&#13;
suatu temuan atau inovasi yang unggul. Strategi dalam menyiapkan talenta periset unggul&#13;
di lingkungan BRIN, membutuhkan sistem integratif yang menggabungkan penilaian&#13;
kinerja, penilaian kompetensi dan rekam jejak riset yang telah dihasilkan sebagai&#13;
kontribusi aktual dan potensial mereka terhadap keberhasilan organisasi. Sebagai Aparatur Sipil Negara (ASN), pengaturan terkait kompetensi dasar setiap ASN&#13;
telah tertuang dalam Peraturan Menteri Pendayagunaan Aparatur Negara dan Reformasi&#13;
Birokrasi Nomor 38 Tahun 2017 tentang Standar Kompetensi ASN. Kompetensi yang&#13;
dibutuhkan sebagai seorang periset untuk dapat bersaing di tingkat global belum&#13;
semuanya tertuang dalam kebijakan tersebut. Agar dapat mencapai tujuan organisasi&#13;
sebagai sebuah institusi riset yang dapat menghasilkan invensi dan inovasi dari hasil riset&#13;
untuk kesejahteraan bangsa, perlu mendefinisikan secara lebih konkrit kebutuhan&#13;
kompetensi pegawai agar organisasi dapat merencanakan, mengembangkan dan&#13;
melakukan mobilisasi Sumber Daya Manusia (SDM) sesuai kebutuhannya. Dalam proyek perubahan ini, telah diidentifikasi perilaku-perilaku yang sering muncul dan&#13;
dibutuhkan organisasi agar dapat menjadi enabler dalam menciptakan ekosistem riset&#13;
dan inovasi melalui penelitian, pengembangan, pengkajian, dan penerapan serta invensi&#13;
dan inovasi, penyelenggaraan ketenaganukliran, dan penyelenggaraan keantariksaan&#13;
secara nasional yang terintegrasi, serta melakukan pengendalian, dan evaluasi terhadap&#13;
pelaksanaan tugas dan fungsi Badan Riset dan Inovasi Daerah (BRIDA).&#13;
Identifikasi perilaku diatas telah dituangkan dalam kamus kompetensi perilaku dan juga&#13;
standar kompetensi jabatan di lingkungan BRIN, sebagai awal mulai dalam menyusun&#13;
model simulasi penilaian kompetensi untuk ASN BRIN. Agar pengelolaan manajemen&#13;
talenta lebih integratif, maka dikembangkan Sistem Talenta Riset dan Inovasi yang&#13;
disingkat menjadi STAR BRIN, yang terintegrasi dengan Sistem Penilaian Kinerja BRIN&#13;
(SIMARIN) dan pengembangan kompetensi melalui Learning Management System (LMS)&#13;
brilliant.brin.go.id sekaligus mengembangkan fitur untuk penilaian kompetensi&#13;
manajerial dan sosialkultural, termasuk penilaian kompetensi perilaku.</subfield>
    </datafield>
    <datafield tag="856" ind1="#" ind2="#">
      <subfield code="a">Perpustakaan Pusat LAN</subfield>
    </datafield>
    <datafield tag="990" ind1="#" ind2="#">
      <subfield code="a">2024/1.2.2/A/0023</subfield>
    </datafield>
  </record>
</collection>
